000 00973ngm a22003490a 4500
001 PT40600
003 AR-LpoUNG
005 20210201232329.0
007 co ||u|||uuuuu
008 191001s2008||||sp |||||||||||||||||spa d
020 _a9788492511051
_c$13.60
040 _aAR-LpoUNG
_bspa
_cAR-LpoUNG
_eaacr
041 _aspa
044 _asp
082 0 _a304.6 616inn
100 1 _aFleury, Sonia
_eed.
245 1 0 _aInnovaciones locales frente a inseguridades globales :
_bexperiencias en Brasil y España
260 _aBarcelona :
_bFundación CIDOB,
_c2008.
505 0 _aAcompaña al impreso.
650 4 _aBARRIOS
650 4 _aCIUDADES
650 4 _aCONURBACION
650 4 _aDESARROLLO URBANO
650 4 _aPLANIFICACION URBANA
650 4 _aPOBLACION URBANA
650 4 _aURBANIZACION
651 4 _aDOCUMENTOS TEORICOS O METODOLOGICOS
700 1 _aBlanco, Ismael
_eed.
700 1 _aSubirats, Juan
_eed.
905 _a40600
942 _cCDDVD
999 _c53379
_d53379